How is America safer? : a progress report on the Department of Homeland Security : hearing before the Select Committee on Homeland Security, House of Representatives, One Hundred Eighth Congress, first session, May 20, 2003 and May 22, 2003.

Bibliographic Details
Corporate Author: United States. Congress. House. Select Committee on Homeland Security
Format: Government Document Book
Language:English
Published: Washington : U.S. G.P.O. : 2004.
Subjects:
Online Access:Text version:
PDF version:

MARC

Tag First Indicator Second Indicator Subfields
LEADER 00000cam a2200000 a 4500
001 in00002014591
005 20220106093854.0
008 041206s2004 dcu f000 0 eng c
020 |a 0160738016 
035 |a (OCoLC)ocm57146466 
037 |a 552-070-32069-5  |b GPO 
040 |a R#A  |c R#A  |d GPO  |d MvI  |d UtOrBLW 
042 |a pcc 
043 |a n-us--- 
049 |a UDOC 
049 |a WWW 
050 1 4 |a KF27.5  |b .H58 2003a 
074 |a 1018-C 
074 |a 1018-C (online) 
074 |a 1018-D (MF) 
074 |a 1018-D (online) 
086 0 |a Y 4.H 75:108-6 
088 |a Serial no. 108-6 (United States. Congress. House. Select Committee on Homeland Security) 
110 1 |a United States.  |b Congress.  |b House.  |b Select Committee on Homeland Security. 
245 1 0 |a How is America safer? :  |b a progress report on the Department of Homeland Security : hearing before the Select Committee on Homeland Security, House of Representatives, One Hundred Eighth Congress, first session, May 20, 2003 and May 22, 2003. 
246 3 0 |a Progress report on the Department of Homeland Security 
264 1 |a Washington :  |b U.S. G.P.O. :  |c 2004. 
264 2 |a Washington :  |b For sale by the Supt. of Docs., U.S. G.P.O., 
300 |a iv, 139 pages ;  |c 24 cm. 
336 |a text  |b txt  |2 rdacontent 
337 |a unmediated  |b n  |2 rdamedia 
338 |a volume  |b nc  |2 rdacarrier 
500 |a Distributed to some depository libraries in microfiche. 
500 |a Shipping list number: 2005-0048-P. 
500 |a "Serial number 108-6." 
500 |a Shipping List Date: 12/03/2005 
530 |a Also available via Internet from the GPO Access web site. Addresses as of 12/16/04: http://frwebgate.access.gpo.gov/cgi-bin/getdoc.cgi?dbname=108%5Fhouse%5Fhearings&docid=f:96366.wais (text version), http://frwebgate.access.gpo.gov/cgi-bin/getdoc.cgi?dbname=108%5Fhouse%5Fhearings&docid=f:96366.pdf (PDF version); current access is available via PURLs. 
610 1 0 |a United States.  |b Department of Homeland Security  |x Evaluation. 
650 0 |a National security  |z United States  |x Evaluation. 
650 0 |a Terrorism  |z United States  |x Prevention. 
856 4 1 |3 Text version:  |u https://purl.fdlp.gov/GPO/LPS56341  |t 0 
856 4 1 |3 PDF version:  |u https://purl.fdlp.gov/GPO/LPS56342  |t 0 
999 |a MARS 
999 f f |s e64e97a2-8279-36cb-8140-f6b50cc3c57d  |i 0488f3da-4690-3ffe-8764-1003f2980e30  |t 0 
952 f f |a Texas A&M University  |b College Station  |c Electronic Resources  |d Available Online  |t 0  |e Y 4.H 75:108-6  |h Superintendent of Documents classification 
998 f f |a Y 4.H 75:108-6  |t 0  |l Available Online